Rapid knowledge: `bridging research and policy' at the Overseas Development Institute (Record no. 84093)

000 -LEADER
fixed length control field 01287pab a2200169 454500
008 - FIXED-LENGTH DATA ELEMENTS--GENERAL INFORMATION
fixed length control field 180718b2009 xxu||||| |||| 00| 0 eng d
100 ## - MAIN ENTRY--PERSONAL NAME
Personal name Stone, Diane
245 ## - TITLE STATEMENT
Title Rapid knowledge: `bridging research and policy' at the Overseas Development Institute
260 ## - PUBLICATION, DISTRIBUTION, ETC.
Date of publication, distribution, etc. 2009
300 ## - PHYSICAL DESCRIPTION
Extent p.303-15.
362 ## - DATES OF PUBLICATION AND/OR SEQUENTIAL DESIGNATION
Dates of publication and/or sequential designation Oct
520 ## - SUMMARY, ETC.
Summary, etc. Numerous organizations advocate the need to `bridge research and policy'. Philanthropic foundations, national social science funding regimes and international organizations have sought to improve knowledge utilization. Similarly, research consumers such as NGOs and government departments complain of research irrelevance for policy purposes. The concern of this article is with `evidence informed policy' within the field of international development in which the Overseas Development Institute (ODI), a London-based think tank, forms the case study. Most think tanks are driven by the need to influence immediate political agendas but ODI has also developed organizational strategies of policy entrepreneurship that extend to longer term influence through creating human capital, building networks and engaging policy communities. - Reproduced.
650 ## - SUBJECT ADDED ENTRY--TOPICAL TERM
Topical term or geographic name entry element Research
773 ## - HOST ITEM ENTRY
Main entry heading Public Administration and Development
908 ## - PUT COMMAND PARAMETER (RLIN)
Put command parameter N
909 ## -
-- 84093
Holdings
Withdrawn status Lost status Damaged status Not for loan Permanent Location Current Location Date acquired Serial Enumeration / chronology Barcode Date last seen Price effective from Koha item type
        Indian Institute of Public Administration Indian Institute of Public Administration 2018-07-19 Volume no: 29, Issue no: 4 AR84553 2018-07-19 2018-07-19 Articles

Powered by Koha